000 00700nam a2200193Ia 4500
008 090123s9999 xx 000 0 und d
082 _b35030
100 _aनागपुरकर पद्माकर
245 _aवृध्दत्व देशोदेशी
250 _a1
260 _bज्ञानयज्ञ प्रकाशन
_c2003
300 _a75
600 _aनागपुरकर पद्माकर
630 _aवृध्दत्व देशोदेशी
700 _aनागपुरकर पद्माकर
700 _aमुत्तगी पि.के.
730 _aवृध्दत्व देशोदेशी
942 _cBOOK
999 _c73091
_d73091